| 000 | 00000nam##2200000za#4500 |
| 001 | 9.640937 |
| 003 | CaOODSP |
| 005 | 20210624222919 |
| 007 | cr ||||||||||| |
| 008 | 150407|1998||||xxc|||||o f|0| 0 fre|d |
| 040 | |aCaOODSP|bfre |
| 043 | |an-cn--- |
| 086 | 1 |aFs1-61/1-1997F-PDF |
| 110 | 1 |aCanada.|bMinistère des pêches et des océans.|bConseil pour la conservation des ressources halieutiques. |
| 245 | 10|a1998-Impératifs de conservation des stocks de poisson de fond des bancs de Terre-Neuve, de la plate-forme du Labrador et du détroit de Davis : |h[ressource électronique]|brapport au ministre des Pêches et des Océans |
| 260 | |aOttawa - Ontario : |bPêches et Océans Canada. |cOctobre 1997. |
| 300 | |a69p.|bgraphiques, ill., cartes |
| 500 | |aLe n° de catalogue (Fs 1-61/1-1997F) et l'ISBN (0-662-82385-0) de l'édition imprimée ont été incorrectement copiés dans l'édition électronique. |
| 590 | |a12-43-Supp|b2012-12-07 |
| 691 | 07|aRessources halieutiques|2gcpds |
| 776 | 0#|t1998, Impératifs de conservation des stocks de poisson de fond des bancs de Terre-Neuve, de la plate-forme du Labrador et du détroit de Davis |w(CaOODSP)9.680247 |
| 856 | 40|ahttp://publications.gc.ca|qPDF|s782 Ko|uhttps://publications.gc.ca/collections/Collection/Fs1-61-1-1997F.pdf |
| 986 | |aCCRH.97.R.5 |